000 00749 a2200205 4500
003 NUST
005 20230127190314.0
010 _a 2008344447
020 _a9780975586051
040 _cNust
082 _a920,SCI
245 0 0 _aScience for peace and progress :
_blife and work of Abdus Salam /
_ccompiled, edited, introduced by Anwar Dil.
250 _a1st ed.
260 _aSan Diego Ca :
_bIntercultural Forum Takshila Research University,
_c2008.
300 _a668 p. :
_bill. ;
_c25 cm.
505 _aPart I. Selected Writings By Abdus Salam (Page-75), Part II. Tributes And Reminiscences (Page-395), Part III. Annexes (Page-629).
700 1 _aDil, Anwar S.
710 2 _aTakshila Research University.
_9107967
942 _2ddc
_cBK
_k920,SCI
999 _c187162
_d187162